[Event "Tournament 14475 - Europe Echecs"]
[Site "Europe Echecs"]
[Date "2020.07.12"]
[Round "1"]
[Time "14:00:03"]
[PlyCount "112"]
[White "LecciaAntoine"]
[Black "TighargharElio"]
[WhiteElo "1950"]
[BlackElo "1119"]
[Mode "WEB"]
[Result "1-0"]

1. d4 d5 2. Nf3 f6 3. e3 c6 4. Nbd2 Bf5 5. c4 e6 6. Nh4 Nh6 7. Nxf5 Nxf5 8. Bd3
g6 9. h4 Ng7 10. Qc2 f5 11. Nf3 h5 12. Ne5 Qf6 13. Qb3 b6 14. Qa4 Be7 15. Nxc6
Nxc6 16. Qxc6+ Kf7 17. cxd5 exd5 18. Qxd5+ Qe6 19. Qxe6+ Nxe6 20. Bd2 Rac8 21.
Bc3 a5 22. Ke2 Rc7 23. g3 Bb4 24. Bxb4 axb4 25. Rac1 Rhc8 26. Kd2 Rxc1 27. Rxc1
Rxc1 28. Kxc1 Nc7 29. a3 bxa3 30. bxa3 Nd5 31. Bc4 Ke6 32. Kd2 Kd6 33. Bxd5 Kxd5
34. Kc3 b5 35. Kb4 Ke4 36. Kc5 Kf3 37. d5 Kxf2 38. d6 Kxg3 39. d7 Kxh4 40. d8=Q+
g5 41. Kxb5 f4 42. exf4 Kg4 43. Qxg5+ Kf3 44. Qxh5+ Ke4 45. f5 Ke5 46. Qg6 Kd5
47. Qc6+ Ke5 48. Kc4 Kxf5 49. Kd4 Kf4 50. Qe4+ Kg5 51. Qf3 Kg6 52. Ke5 Kg7 53.
Qf6+ Kg8 54. Qe7 Kh8 55. Kf6 Kg8 56. Qg7# {TighargharElio est échec et mat} 1-0

[Event "Tournament 14475 - Europe Echecs"]
[Site "Europe Echecs"]
[Date "2020.07.12"]
[Round "1"]
[Time "14:00:03"]
[PlyCount "57"]
[White "GerardKelian"]
[Black "BaudouinSimon"]
[WhiteElo "1056"]
[BlackElo "1926"]
[Mode "WEB"]
[Result "0-1"]

1. d4 Nf6 2. c4 g6 3. Nc3 d5 4. Nf3 Bg7 5. e3 O-O 6. Bd3 c5 7. O-O cxd4 8. exd4
Nc6 9. cxd5 Nxd5 10. Nxd5 Qxd5 11. Be3 Nxd4 12. Nxd4 Bxd4 13. Qd2 Rd8 14. Bxd4
Qxd4 15. Rfd1 Bf5 16. Bxf5 Qxd2 17. Rxd2 Rxd2 18. Be4 Rad8 19. g3 Rxb2 20. Kg2
Rdd2 21. Rf1 e5 22. Bxb7 Rxb7 23. a4 Rbb2 24. a5 e4 25. Kh3 Rxf2 26. Re1 f5 27.
Rh1 g5 28. g4 Rb3# {GerardKelian est échec et mat} 0-1

[Event "Tournament 14475 - Europe Echecs"]
[Site "Europe Echecs"]
[Date "2020.07.12"]
[Round "2"]
[Time "14:30:21"]
[PlyCount "234"]
[White "DenningerGuilh"]
[Black "TravadonLoic"]
[WhiteElo "2065"]
[BlackElo "2431"]
[Mode "WEB"]
[Result "1-0"]

1. c4 Nf6 2. Nc3 g6 3. d4 d6 4. e4 Bg7 5. Be2 O-O 6. Nf3 Na6 7. O-O c6 8. h3 e5
9. dxe5 dxe5 10. Be3 Qe7 11. a3 Nc5 12. Qc2 Nh5 13. Rfd1 Ne6 14. Bf1 Nef4 15. b4
Qf6 16. Nh2 Ne6 17. Ng4 Qe7 18. Ne2 Nhf4 19. g3 Nxe2+ 20. Bxe2 Nd4 21. Bxd4 exd4
22. f4 h5 23. Nf2 h4 24. g4 g5 25. Qd2 gxf4 26. Qxf4 Be5 27. Qh6 Bg7 28. Qf4 f5
29. gxf5 Bxf5 30. exf5 Qxe2 31. Re1 Qh5 32. Re7 Rxf5 33. Qc7 Rg5+ 34. Ng4 Rxg4+
35. hxg4 Qxg4+ 36. Kh2 Qg3+ 37. Qxg3 hxg3+ 38. Kxg3 b6 39. Kf3 Bf6 40. Re6 Kf7
41. Rxc6 Re8 42. Rc7+ Kg6 43. Rxa7 Re3+ 44. Kf2 Bh4+ 45. Kg2 Kf5 46. Rd1 Ke4 47.
c5 bxc5 48. bxc5 Re2+ 49. Kh3 Bf6 50. c6 Be5 51. c7 Rc2 52. Re1+ Kf4 53. Ra5
Bxc7 54. Rd5 Rc3+ 55. Kg2 Rc2+ 56. Kh3 Rc3+ 57. Kg2 Bb6 58. Rd1 Ke4 59. Rd7 Rc2+
60. Kg3 Rc3+ 61. Kg4 Bc5 62. a4 Ra3 63. Rc7 Kd5 64. Rd7+ Ke4 65. Rc7 Bb4 66. Rc4
Bc3 67. Kg5 Ra2 68. a5 Rxa5+ 69. Kg6 Ra6+ 70. Kf7 Ke3 71. Ke7 Rh6 72. Kd7 Rh3
73. Kc6 Ke4 74. Kc5 Rh5+ 75. Kc6 Rh6+ 76. Kc5 Rh5+ 77. Kc6 Rg5 78. Kd6 Ra5 79.
Kc6 Ke3 80. Kb6 Ra3 81. Kc5 d3 82. Rh4 d2 83. Rh2 Ra4 84. Kb5 Rg4 85. Rh3+ Ke2
86. Rxd2+ Bxd2 87. Rb3 Be3 88. Rc3 Kf3 89. Rd3 Ke4 90. Rd7 Bd4 91. Re7+ Be5 92.
Kc5 Rg1 93. Re8 Rc1+ 94. Kb4 Rc7 95. Kb5 Kd5 96. Rd8+ Bd6 97. Rg8 Rb7+ 98. Ka4
Bc5 99. Rg4 Bd4 100. Ka5 Kc4 101. Rg6 Ra7+ 102. Ra6 Rb7 103. Rg6 Rb1 104. Ka6
Bc5 105. Rg4+ Kd5 106. Rg6 Bd6 107. Ka5 Kc6 108. Ka4 Rb4+ 109. Ka5 Rb3 110. Rg4
Bc5 111. Rg6+ Kd5 112. Rg5+ Kc4 113. Rg4+ Bd4 114. Ka6 Rb6+ 115. Ka5 Rd6 116.
Rh4 Rd7 117. Rh6 {TravadonLoic a perdu au temps} 1-0

[Event "Tournament 14475 - Europe Echecs"]
[Site "Europe Echecs"]
[Date "2020.07.12"]
[Round "2"]
[Time "14:30:21"]
[PlyCount "82"]
[White "EugeneFloryan"]
[Black "RaclotLeo"]
[WhiteElo "2343"]
[BlackElo "2124"]
[Mode "WEB"]
[Result "1-0"]

1. d4 Nf6 2. Nf3 g6 3. e3 Bg7 4. Be2 O-O 5. O-O b6 6. c4 Bb7 7. Nc3 d5 8. Ne5
Nbd7 9. Bf3 c6 10. Qa4 Nxe5 11. dxe5 Ne4 12. Nxe4 dxe4 13. Bxe4 Bxe5 14. f4 Bg7
15. Qc2 Qc7 16. c5 Rad8 17. Bd2 bxc5 18. Rfd1 Qb6 19. Rac1 c4 20. Kf2 Qxb2 21.
Qxb2 Bxb2 22. Rxc4 Ba3 23. Ra4 Bb2 24. Rxa7 Bc3 25. Ke1 Bxd2+ 26. Rxd2 Rxd2 27.
Kxd2 Rb8 28. a4 Kf8 29. a5 Ke8 30. Rxb7 Rxb7 31. Bxc6+ Kd8 32. Bxb7 Kc7 33. a6
Kb6 34. e4 f6 35. Ke3 e5 36. f5 g5 37. g4 h6 38. h3 Ka7 39. Kd3 Kb6 40. Kc4 Ka7
41. Kd5 {RaclotLeo a abandonné} 1-0

[Event "Tournament 14475 - Europe Echecs"]
[Site "Europe Echecs"]
[Date "2020.07.12"]
[Round "2"]
[Time "14:30:21"]
[PlyCount "39"]
[White "BregnacTristan"]
[Black "Razafindratsim"]
[WhiteElo "2047"]
[BlackElo "2336"]
[Mode "WEB"]
[Result "0-1"]

1. e4 c5 2. Nf3 d6 3. d4 cxd4 4. Nxd4 Nf6 5. Nc3 a6 6. Bg5 Nbd7 7. f4 Qc7 8. Qf3
h6 9. Bh4 g5 10. fxg5 hxg5 11. Bxg5 Qc5 12. Be3 Ne5 13. Qe2 Neg4 14. Bg1 Bh6 15.
g3 Ne5 16. Nb3 Qc7 17. h3 Be6 18. Be3 Bc4 19. Qd2 Nf3+ {BregnacTristan a abandonné} 0-1

[Event "Tournament 14475 - Europe Echecs"]
[Site "Europe Echecs"]
[Date "2020.07.12"]
[Round "2"]
[Time "14:30:21"]
[PlyCount "110"]
[White "DroinAugustin"]
[Black "ProfiliEmilio"]
[WhiteElo "2313"]
[BlackElo "2053"]
[Mode "WEB"]
[Result "1-0"]

1. e4 e6 2. d4 d5 3. Nc3 Nf6 4. Bg5 Be7 5. e5 Nfd7 6. h4 Bxg5 7. hxg5 Qxg5 8.
Qd3 Nf8 9. Nh3 Qh4 10. g3 Qe7 11. f4 Nc6 12. Bg2 Bd7 13. f5 O-O-O 14. Nf4 Qb4
15. O-O-O Na5 16. a3 Qc4 17. Qe3 Qc6 18. b3 Qa6 19. Bf1 Qc6 20. a4 a6 21. Bg2
Kb8 22. Qd2 Bc8 23. Kb2 Qb6 24. Ka2 c6 25. f6 gxf6 26. exf6 Nd7 27. Qe3 c5 28.
dxc5 Nxc5 29. Nce2 Ka8 30. Qc3 Nc6 31. Nd4 Nd7 32. Nf3 Qb4 33. Qb2 Nc5 34. Rh4
Qb6 35. Nd3 Ne4 36. Nfe5 Nxe5 37. Nxe5 Nd6 38. Qc3 Bd7 39. a5 Nb5 40. Qb4 Qd6
41. Kb2 Qxb4 42. Rxb4 Nd6 43. c4 Bc6 44. cxd5 exd5 45. Bxd5 Bxd5 46. Rxd5 Nb5
47. Nxf7 Rxd5 48. Nxh8 Rd8 49. f7 Rxh8 50. Rg4 Nd6 51. Rg8+ Ka7 52. Rxh8 Nxf7
53. Rxh7 Ng5 54. Rg7 Ne4 55. g4 {ProfiliEmilio a abandonné} 1-0

[Event "Tournament 14475 - Europe Echecs"]
[Site "Europe Echecs"]
[Date "2020.07.12"]
[Round "2"]
[Time "14:30:21"]
[PlyCount "125"]
[White "TomasiElise"]
[Black "BressyTheo"]
[WhiteElo "2030"]
[BlackElo "2289"]
[Mode "WEB"]
[Result "0-1"]

1. d4 d5 2. Nf3 Nf6 3. g3 c5 4. Bg2 cxd4 5. Nxd4 e5 6. Nb3 Nc6 7. O-O Be7 8.
N1d2 O-O 9. e4 Bg4 10. f3 Be6 11. exd5 Qb6+ 12. Kh1 Bxd5 13. Qe2 Rad8 14. Ne4
Nxe4 15. fxe4 Be6 16. Be3 Qb4 17. Rfd1 b6 18. c3 Qa4 19. Nd2 Qc2 20. Bf3 Qxb2
21. c4 Nd4 22. Bxd4 Qxd4 23. Rac1 Qd3 24. Qf2 Qa3 25. Nb3 Rxd1+ 26. Rxd1 Bxc4
27. Rd7 Be6 28. Rc7 h6 29. Kg2 Bd6 30. Rc6 Bd7 31. Rc2 Rc8 32. Rd2 Be6 33. Qe3
Bc5 34. Qd3 Bb4 35. Rf2 Rc3 36. Qd8+ Bf8 37. Bh5 g6 38. Bd1 Qe7 39. Qd2 Rc7 40.
Bf3 Kg7 41. Qe3 Rc6 42. h4 h5 43. Be2 a5 44. Qd2 Rd6 45. Qb2 Qb7 46. Qxe5+ Kg8
47. Qf4 Rd7 48. Bf3 Bg7 49. Qg5 a4 50. Nd2 b5 51. Nf1 b4 52. Ne3 b3 53. axb3
axb3 54. Nd5 Bxd5 55. exd5 b2 56. Be4 b1=Q 57. Bxb1 Qxb1 58. Rd2 Qe4+ 59. Kh3
Qh1+ 60. Rh2 Qf1+ 61. Rg2 Qf5+ 62. Qxf5 gxf5 {TomasiElise a abandonné} 0-1

[Event "Tournament 14475 - Europe Echecs"]
[Site "Europe Echecs"]
[Date "2020.07.12"]
[Round "2"]
[Time "14:30:21"]
[PlyCount "58"]
[White "MateriaMarco"]
[Black "DelinValere"]
[WhiteElo "2269"]
[BlackElo "2043"]
[Mode "WEB"]
[Result "1-0"]

1. d4 Nf6 2. c4 g6 3. Nc3 Bg7 4. e4 d6 5. Nf3 O-O 6. Be2 c5 7. d5 e6 8. Bf4 e5
9. Be3 Ng4 10. Bg5 f6 11. Bh4 a6 12. Nd2 Nh6 13. a3 Qe8 14. b4 Nd7 15. O-O f5
16. f3 Nf7 17. Rb1 g5 18. Bf2 b6 19. Na4 b5 20. cxb5 axb5 21. Bxb5 Ba6 22. Bxa6
Rxa6 23. bxc5 Qa8 24. Nb6 Nxb6 25. cxb6 Rxa3 26. b7 Qb8 27. Nc4 Ra6 28. Qb3 Nd8
29. Qb5 {DelinValere a abandonné} 1-0

[Event "Tournament 14475 - Europe Echecs"]
[Site "Europe Echecs"]
[Date "2020.07.12"]
[Round "2"]
[Time "14:30:21"]
[PlyCount "127"]
[White "SalvadorLucie"]
[Black "HingouetMatthi"]
[WhiteElo "1979"]
[BlackElo "2228"]
[Mode "WEB"]
[Result "0-1"]

1. e4 c5 2. Nf3 Nc6 3. c4 g6 4. Nc3 Bg7 5. d3 d6 6. Be2 Bg4 7. O-O Bxf3 8. Bxf3
e6 9. Bd2 Nge7 10. Re1 O-O 11. Rb1 Qd7 12. a3 f5 13. b4 Rae8 14. bxc5 dxc5 15.
exf5 Nxf5 16. Ne4 b6 17. Ng5 Ncd4 18. Be4 h6 19. Nf3 Nxf3+ 20. Qxf3 Nd6 21. Qh3
Nxe4 22. Rxe4 Kh7 23. Rh4 h5 24. g4 Qd4 25. Rf1 Bf6 26. Be3 Qd8 27. g5 Bxg5 28.
Bxg5 Qxg5+ 29. Qg3 Qxg3+ 30. fxg3 Rxf1+ 31. Kxf1 Rd8 32. Ke2 Kg7 33. Re4 Kf6 34.
Ke3 g5 35. h4 gxh4 36. Rxh4 Rg8 37. Kf4 Rg5 38. Rh1 Rf5+ 39. Ke4 Kg5 40. Rg1 Kg4
41. Rg2 Rf1 42. Re2 Kxg3 43. Ke5 Rf8 44. Re1 h4 45. Rg1+ Kh2 46. Rg7 Rd8 47.
Kxe6 Rxd3 48. a4 Rd4 49. Rxa7 Rxc4 50. Rb7 Rb4 51. Kf5 h3 52. Rg7 Rxa4 53. Ke5
Rb4 54. Kd5 Rb2 55. Ke4 b5 56. Kd5 c4 57. Kd4 Rd2+ 58. Kc3 Rd3+ 59. Kb4 Rb3+ 60.
Kc5 c3 61. Kd4 b4 62. Kd3 Rb2 63. Kc4 c2 {SalvadorLucie a perdu au temps} 0-1

[Event "Tournament 14475 - Europe Echecs"]
[Site "Europe Echecs"]
[Date "2020.07.12"]
[Round "2"]
[Time "14:30:21"]
[PlyCount "96"]
[White "MakkarRajat"]
[Black "GrancherEtienn"]
[WhiteElo "2214"]
[BlackElo "1987"]
[Mode "WEB"]
[Result "1-0"]

1. d4 Nf6 2. c4 g6 3. g3 Bg7 4. Bg2 d6 5. Nc3 O-O 6. Nf3 Nc6 7. O-O a6 8. d5 Na5
9. Nd2 c5 10. Qc2 Rb8 11. b3 b5 12. Bb2 bxc4 13. bxc4 Bh6 14. Nce4 Nxe4 15. Nxe4
Rxb2 16. Qxb2 Bg7 17. Qc2 Bxa1 18. Rxa1 e5 19. Qc3 Nb7 20. Nd2 Qe7 21. e4 f6 22.
Rb1 Nd8 23. Nb3 f5 24. Na5 f4 25. Rb8 Qc7 26. Rb1 Nf7 27. Nc6 Ng5 28. h4 Nh3+
29. Bxh3 Bxh3 30. gxf4 Qd7 31. f5 Bg4 32. Qg3 gxf5 33. f3 Kh8 34. fxg4 Rg8 35.
g5 f4 36. Qg2 h6 37. Kf2 Qh7 38. Rh1 Qb7 39. Kf3 Rg7 40. Nd8 Qd7 41. Ne6 Rg6 42.
h5 Rg8 43. g6 Rb8 44. g7+ Kg8 45. Qg6 Qa4 46. Qxh6 Qa3+ 47. Kg4 Qg3+ 48. Kf5 {GrancherEtienn a perdu au temps} 1-0

[Event "Tournament 14475 - Europe Echecs"]
[Site "Europe Echecs"]
[Date "2020.07.12"]
[Round "2"]
[Time "14:30:21"]
[PlyCount "104"]
[White "RebutPaul"]
[Black "SayaEthan"]
[WhiteElo "1966"]
[BlackElo "2199"]
[Mode "WEB"]
[Result "1/2-1/2"]

1. d4 Nf6 2. Bf4 e6 3. e3 d5 4. Nf3 Bd6 5. Bg3 c5 6. Nbd2 Qc7 7. Bxd6 Qxd6 8.
dxc5 Qxc5 9. c4 dxc4 10. Nxc4 O-O 11. Be2 b6 12. O-O Qe7 13. Rc1 Rd8 14. Qb3 Bb7
15. Rfd1 Nbd7 16. Nfe5 Nc5 17. Qc2 Rac8 18. Rxd8+ Rxd8 19. Rd1 Be4 20. Rxd8+
Qxd8 21. Qd2 Qxd2 22. Nxd2 Bd5 23. Bc4 Kf8 24. Bxd5 Nxd5 25. Kf1 Nb4 26. a3 Nbd3
27. Nc6 Nxb2 28. Nxa7 Nd7 29. Ke2 Ke7 30. Ne4 Kd8 31. Nb5 Na4 32. Kd3 Nac5+ 33.
Nxc5 Nxc5+ 34. Kd4 Kd7 35. Nc3 Kc6 36. Ne4 Nxe4 37. Kxe4 Kb5 38. Kd4 Ka4 39. Kc4
Kxa3 40. Kb5 Kb3 41. Kxb6 Kc2 42. Kc6 Kd2 43. Kd6 Ke2 44. Ke7 Kxf2 45. Kxf7 Kxe3
46. Kxe6 Kf2 47. g4 Kg2 48. Kf7 g5 49. Kf6 Kxh2 50. Kxg5 Kg3 51. Kh6 Kxg4 52.
Kxh7 {Aucun joueur n'a le mat&eacute;riel pour mater} 1/2-1/2

[Event "Tournament 14475 - Europe Echecs"]
[Site "Europe Echecs"]
[Date "2020.07.12"]
[Round "2"]
[Time "14:30:21"]
[PlyCount "112"]
[White "BergougnouxAxe"]
[Black "RollotFlorence"]
[WhiteElo "2191"]
[BlackElo "1973"]
[Mode "WEB"]
[Result "1-0"]

1. e4 d5 2. exd5 Qxd5 3. Nc3 Qa5 4. Bc4 Nf6 5. h3 Bf5 6. d3 e6 7. Bd2 Bb4 8. a3
Bxc3 9. Bxc3 Qb6 10. Qe2 Nc6 11. Nf3 a6 12. O-O-O O-O-O 13. g4 Bg6 14. Ne5 Nxe5
15. Bxe5 Rhg8 16. h4 h6 17. Rhf1 Nd5 18. Rde1 f6 19. Bxd5 exd5 20. Bg3 Rge8 21.
Qd2 Qc5 22. Kb1 d4 23. Rxe8 Rxe8 24. Re1 Rxe1+ 25. Qxe1 Bf7 26. Kc1 Kb8 27. Qb4
Qxb4 28. axb4 Ka7 29. Kd2 Kb6 30. c3 c5 31. bxc5+ Kxc5 32. b4+ Kd5 33. c4+ Ke6
34. Bc7 Bg6 35. f4 f5 36. g5 Bh5 37. Bb6 hxg5 38. hxg5 Bf3 39. Bxd4 g6 40. Kc3
Be2 41. Be5 Bf1 42. d4 Kd7 43. d5 Be2 44. Kd4 b6 45. Bf6 Bf1 46. Bg7 Be2 47. c5
bxc5+ 48. bxc5 a5 49. c6+ Kc8 50. d6 Ba6 51. Kc5 a4 52. Bb2 Bd3 53. d7+ Kc7 54.
Be5+ Kd8 55. Kd6 a3 56. c7# {RollotFlorence est échec et mat} 1-0

[Event "Tournament 14475 - Europe Echecs"]
[Site "Europe Echecs"]
[Date "2020.07.12"]
[Round "2"]
[Time "14:30:21"]
[PlyCount "64"]
[White "BaudouinSimon"]
[Black "JolyJulien"]
[WhiteElo "1926"]
[BlackElo "2188"]
[Mode "WEB"]
[Result "0-1"]

1. d4 Nf6 2. c4 g6 3. Nc3 Bg7 4. e4 d6 5. Be2 O-O 6. Nf3 Na6 7. O-O e5 8. Re1 c6
9. Be3 exd4 10. Nxd4 Nc5 11. e5 dxe5 12. Nxc6 bxc6 13. Bxc5 Re8 14. Qa4 Qc7 15.
Rad1 Bf5 16. Bd6 Qb7 17. b3 e4 18. c5 a5 19. Qa3 Ng4 20. Na4 Qb4 21. Qc1 e3 22.
Bxg4 exf2+ 23. Kxf2 Bxg4 24. Rd2 Bh6 25. Rxe8+ Rxe8 26. Qb2 Qxd2+ 27. Qxd2 Bxd2
28. Nb6 Be1+ 29. Kf1 Bc3 30. Nc4 Be2+ 31. Kf2 Bxc4 32. bxc4 {BaudouinSimon a abandonné} 0-1

[Event "Tournament 14475 - Europe Echecs"]
[Site "Europe Echecs"]
[Date "2020.07.12"]
[Round "2"]
[Time "14:30:21"]
[PlyCount "102"]
[White "KuhnClement"]
[Black "LecciaAntoine"]
[WhiteElo "2150"]
[BlackElo "1950"]
[Mode "WEB"]
[Result "1-0"]

1. e4 e6 2. d4 d5 3. Nc3 Nc6 4. Nf3 Nf6 5. e5 Ne4 6. Bd3 Bb4 7. Bd2 Bxc3 8. bxc3
Nxd2 9. Qxd2 h6 10. O-O Bd7 11. Rab1 Rb8 12. c4 dxc4 13. Bxc4 O-O 14. Bd3 Be8
15. c4 Ne7 16. Bc2 Bc6 17. Qd3 g6 18. Rfd1 Bxf3 19. Qxf3 c6 20. Qf4 Kg7 21. g4
Ng8 22. Qg3 b5 23. cxb5 Rxb5 24. Rxb5 cxb5 25. Qd3 Qd5 26. Bb3 Qd7 27. Qf3 Qe7
28. d5 exd5 29. Rxd5 a6 30. Kg2 Rb8 31. Qd3 Rf8 32. h3 Qh4 33. Rd7 Ne7 34. Qd6
Re8 35. e6 fxe6 36. Qxe6 Qf6 37. Qxf6+ Kxf6 38. Rd6+ Kg7 39. Rxa6 Rb8 40. f4 b4
41. Kf3 Rb7 42. Ke4 Rb5 43. Be6 h5 44. f5 gxf5+ 45. gxf5 Rb8 46. Ke5 Rb5+ 47.
Ke4 Rb8 48. Bb3 Rb7 49. f6+ Kh6 50. fxe7+ Kg7 51. e8=Q {LecciaAntoine a abandonné} 1-0

[Event "Tournament 14475 - Europe Echecs"]
[Site "Europe Echecs"]
[Date "2020.07.12"]
[Round "2"]
[Time "14:30:21"]
[PlyCount "82"]
[White "FondratJohan"]
[Black "MorataJules"]
[WhiteElo "1509"]
[BlackElo "1568"]
[Mode "WEB"]
[Result "1-0"]

1. e4 d5 2. exd5 Qxd5 3. d4 Nf6 4. Nf3 Bg4 5. Be2 e6 6. Bf4 Qd8 7. c3 Bd6 8. Bg3
O-O 9. Nbd2 Nc6 10. O-O Bxg3 11. hxg3 Qe7 12. Re1 Rad8 13. Qc2 Bf5 14. Bd3 Bxd3
15. Qxd3 Rfe8 16. Nc4 Qd7 17. Nce5 Nxe5 18. Nxe5 Qd5 19. Qe3 Qb5 20. Rab1 Nd5
21. Qf3 f6 22. c4 Qa6 23. cxd5 fxe5 24. dxe5 exd5 25. a3 Qe6 26. Rbd1 c6 27. Rd4
Rf8 28. Qd3 Qf5 29. Qxf5 Rxf5 30. f4 Kf8 31. g4 Rf7 32. e6 Re7 33. f5 Rde8 34.
Rd2 g6 35. Rde2 Kg7 36. Rf2 h5 37. f6+ Kf8 38. fxe7+ Kxe7 39. Rf7+ Kd6 40. b4 b5
41. Rd7# {MorataJules est échec et mat} 1-0

[Event "Tournament 14475 - Europe Echecs"]
[Site "Europe Echecs"]
[Date "2020.07.12"]
[Round "2"]
[Time "14:30:21"]
[PlyCount "113"]
[White "WeismanNathan"]
[Black "LamazeSimon"]
[WhiteElo "2186"]
[BlackElo "2185"]
[Mode "WEB"]
[Result "1/2-1/2"]

1. e4 c5 2. Nf3 Nc6 3. Bb5 g6 4. Bxc6 dxc6 5. d3 Bg7 6. h3 e5 7. a4 Ne7 8. a5
Be6 9. Be3 b6 10. Na3 O-O 11. Ng5 Bd7 12. axb6 axb6 13. Nc4 f6 14. Nf3 g5 15.
O-O Qc7 16. b4 b5 17. Bxc5 bxc4 18. Bxe7 Rfe8 19. Rxa8 Rxa8 20. dxc4 Be6 21. Bd6
Qf7 22. c5 h5 23. Nh2 Kh7 24. g4 Ra3 25. f3 Qb7 26. Qd2 Ra2 27. Qc3 Qb5 28. Rd1
Qe2 29. Qd3 Qxc2 30. Qxc2 Rxc2 31. Nf1 Rb2 32. Be7 Kg6 33. Rd6 Kf7 34. Bd8 Bf8
35. Rxc6 Rxb4 36. Rc7+ Kg6 37. gxh5+ Kxh5 38. Bxf6 Bxh3 39. Bxe5 Bxc5+ 40. Rxc5
Rb1 41. Bf4 Rxf1+ 42. Kh2 Rxf3 43. Bxg5 Be6 44. Be7+ Kg6 45. Rg5+ Kf7 46. Bd6
Re3 47. e5 Bd5 48. Rf5+ Ke6 49. Rf6+ Kd7 50. Rg6 Rd3 51. Kg1 Rf3 52. Rg7+ Kd8
53. Rg6 Kd7 54. Rg7+ Kd8 55. Bc7+ Ke8 56. Bd6 Kd8 {Nulle par répétition} 1/2-1/2

[Event "Tournament 14475 - Europe Echecs"]
[Site "Europe Echecs"]
[Date "2020.07.12"]
[Round "2"]
[Time "14:30:21"]
[PlyCount "49"]
[White "GuerinJuliette"]
[Black "ChevillonCelia"]
[WhiteElo "1918"]
[BlackElo "1433"]
[Mode "WEB"]
[Result "0-1"]

1. e4 e5 2. Bc4 Nf6 3. d3 Nc6 4. Nc3 Bc5 5. f4 d6 6. f5 h6 7. h3 Bd7 8. Nf3 Qe7
9. Bd2 g6 10. fxg6 fxg6 11. Qe2 O-O-O 12. O-O-O Be6 13. Bb5 Bd7 14. Na4 Bb6 15.
Nxb6+ axb6 16. Bc3 Rhf8 17. Qe3 g5 18. Rdf1 Be6 19. a3 Nh5 20. Qe1 Rf7 21. Nd2
Rdf8 22. Rxf7 Rxf7 23. Rf1 Nf4 24. Qg3 Ne2+ {GuerinJuliette a abandonné} 0-1

[Event "Tournament 14475 - Europe Echecs"]
[Site "Europe Echecs"]
[Date "2020.07.12"]
[Round "2"]
[Time "14:30:21"]
[PlyCount "64"]
[White "HeilerLucas"]
[Black "NoirMathys"]
[WhiteElo "1463"]
[BlackElo "1897"]
[Mode "WEB"]
[Result "1-0"]

1. d4 Nf6 2. c4 g6 3. f3 Bg7 4. Be3 d6 5. Qd2 O-O 6. Bh6 e5 7. Bxg7 Kxg7 8. Nc3
Nc6 9. d5 Ne7 10. e4 Bd7 11. Bd3 a5 12. a4 Be8 13. Nge2 Nd7 14. O-O Nc5 15. f4
Nb3 16. Qc2 Nxa1 17. Rxa1 Ng8 18. fxe5 dxe5 19. Nb5 Nf6 20. c5 c6 21. dxc6 Bxc6
22. Nd6 Ng4 23. h3 Nf6 24. Rd1 Qd7 25. Bc4 Qc7 26. Ng3 Rad8 27. Qc3 Bxa4 28.
Qxe5 Rd7 29. Rf1 Re7 30. Qxf6+ Kg8 31. Rf5 h6 32. Qxg6+ {NoirMathys a abandonné} 1-0

[Event "Tournament 14475 - Europe Echecs"]
[Site "Europe Echecs"]
[Date "2020.07.12"]
[Round "2"]
[Time "14:30:21"]
[PlyCount "130"]
[White "LecciaThomas"]
[Black "SepahpourSherv"]
[WhiteElo "1893"]
[BlackElo "1398"]
[Mode "WEB"]
[Result "1-0"]

1. e4 c5 2. Nf3 e6 3. b3 Nc6 4. Bb2 Nf6 5. e5 Ng8 6. g3 g6 7. Bg2 Bg7 8. O-O
Nge7 9. Re1 O-O 10. Nc3 a6 11. Ne4 b6 12. Nd6 f6 13. exf6 Bxf6 14. Bxf6 Rxf6 15.
d4 Nf5 16. dxc5 bxc5 17. Ne5 Nxd6 18. Qxd6 Nxe5 19. Bxa8 Ng4 20. f3 Nh6 21. Qxc5
d6 22. Rad1 Nf7 23. Qe3 Bd7 24. Be4 Qa5 25. a4 Qc7 26. Qd4 e5 27. Qd2 Bc6 28.
Bxc6 Qxc6 29. Rf1 h6 30. f4 exf4 31. Rxf4 Qc5+ 32. Qf2 Qxf2+ 33. Rxf2 Rxf2 34.
Kxf2 Kg7 35. Rd5 Kf6 36. Ra5 Ng5 37. Ke3 Ke6 38. Rxa6 Nf7 39. c4 Ne5 40. h3 Kd7
41. Ra7+ Kc6 42. Rh7 h5 43. Re7 Kc5 44. Rxe5+ dxe5 45. Ke4 Kd6 46. b4 g5 47. c5+
Kc6 48. Kxe5 h4 49. gxh4 gxh4 50. Kf4 Kb7 51. Kg4 Ka6 52. Kxh4 Ka7 53. Kg5 Ka6
54. h4 Ka7 55. h5 Ka6 56. h6 Ka7 57. h7 Ka6 58. h8=Q Ka7 59. Qh6 Ka8 60. Qg7 Kb8
61. Qd7 Ka8 62. a5 Kb8 63. b5 Ka8 64. a6 Kb8 65. Qb7# {SepahpourSherv est échec et mat} 1-0

[Event "Tournament 14475 - Europe Echecs"]
[Site "Europe Echecs"]
[Date "2020.07.12"]
[Round "2"]
[Time "14:30:21"]
[PlyCount "78"]
[White "BOUMRARAyrad"]
[Black "courjalpauline"]
[WhiteElo "1431"]
[BlackElo "1848"]
[Mode "WEB"]
[Result "1-0"]

1. d4 e6 2. Nf3 b6 3. c4 Bb7 4. g3 f5 5. Bg2 Nf6 6. O-O Be7 7. Nc3 O-O 8. b3 h6
9. Bb2 d6 10. d5 e5 11. Nh4 Nh7 12. Ng6 Rf7 13. e4 f4 14. Bh3 Bc8 15. Be6 Bxe6
16. dxe6 Rf6 17. Nxe7+ Qxe7 18. Nd5 Qxe6 19. Nxc7 Qh3 20. Qf3 Ng5 21. Qg2 Qh5
22. h4 Nf3+ 23. Kh1 Rg6 24. Qh3 Nd2 25. Nxa8 Nxf1 26. Rxf1 Qe2 27. h5 Rg5 28.
Kg1 fxg3 29. fxg3 Rxh5 30. Qg2 Qe3+ 31. Qf2 Qxe4 32. Qg2 Qe3+ 33. Qf2 Qe4 34.
Qf7+ Kh7 35. Qxh5 Qe3+ 36. Rf2 Qe1+ 37. Kg2 Qe4+ 38. Qf3 Qb7 39. Qxb7 {courjalpauline a abandonné} 1-0

[Event "Tournament 14475 - Europe Echecs"]
[Site "Europe Echecs"]
[Date "2020.07.12"]
[Round "2"]
[Time "14:30:21"]
[PlyCount "133"]
[White "ChevillonManon"]
[Black "LarmetNino"]
[WhiteElo "1356"]
[BlackElo "1818"]
[Mode "WEB"]
[Result "0-1"]

1. e4 e5 2. Nf3 Nc6 3. Bc4 Bc5 4. Nc3 Nf6 5. d3 O-O 6. Be3 Bxe3 7. fxe3 d6 8.
Qd2 h6 9. O-O-O Na5 10. Bb3 Nxb3+ 11. cxb3 Re8 12. h3 c5 13. Kb1 Bd7 14. g4 b5
15. g5 hxg5 16. Nxg5 b4 17. Qg2 Nh7 18. h4 bxc3 19. bxc3 Qe7 20. Rdg1 g6 21.
Nxh7 Kxh7 22. h5 g5 23. Qxg5 Qxg5 24. Rxg5 Rg8 25. Rhg1 Rxg5 26. Rxg5 Rg8 27.
Rxg8 Kxg8 28. a3 Bg4 29. b4 Bxh5 30. bxc5 dxc5 31. Kc2 Kf8 32. Kb3 Ke7 33. Kc4
Kd6 34. d4 Be2+ 35. Kb3 Bd3 36. dxc5+ Kxc5 37. a4 Bxe4 38. a5 Bc6 39. c4 Bf3 40.
Kc3 Be2 41. Kb3 Bxc4+ 42. Ka4 Bd3 43. Kb3 Be2 44. Ka4 Bd1+ 45. Ka3 Kb5 46. Kb2
Kxa5 47. Kc3 e4 48. Kd2 Bg4 49. Kc3 f5 50. Kd4 Kb4 51. Ke5 a5 52. Kf4 a4 53. Ke5
a3 54. Kf4 a2 55. Kg5 a1=Q 56. Kf4 Qf1+ 57. Kg3 Qf3+ 58. Kh4 Qh3+ 59. Kg5 Qh5+
60. Kf4 Kc3 61. Kg3 Kd2 62. Kf4 Ke2 63. Kg3 Kxe3 64. Kg2 Bf3+ 65. Kg3 Qg4+ 66.
Kh2 Qg2# {ChevillonManon est échec et mat} 0-1

[Event "Tournament 14475 - Europe Echecs"]
[Site "Europe Echecs"]
[Date "2020.07.12"]
[Round "2"]
[Time "14:30:21"]
[PlyCount "62"]
[White "SylvestreBaron"]
[Black "StrichardHadri"]
[WhiteElo "1728"]
[BlackElo "1199"]
[Mode "WEB"]
[Result "1-0"]

1. c4 c5 2. Nc3 Nc6 3. Nf3 g6 4. e3 Bg7 5. d4 cxd4 6. exd4 e6 7. Bf4 Nge7 8. Qd2
d5 9. c5 Nf5 10. Nb5 O-O 11. g4 Nh4 12. Nxh4 Qxh4 13. h3 a6 14. Bg5 Bh6 15. Bxh6
axb5 16. Bg5 Nxd4 17. Bxh4 Nf3+ 18. Ke2 Nxd2 19. Kxd2 b4 20. Bf6 Bd7 21. h4 b3
22. a3 Rac8 23. Rc1 Bc6 24. Bd3 Ra8 25. h5 Ra4 26. hxg6 fxg6 27. g5 Rf4 28. Rh2
Rf7 29. Re1 Bd7 30. Bxg6 hxg6 31. Rh8# {StrichardHadri est échec et mat} 1-0

[Event "Tournament 14475 - Europe Echecs"]
[Site "Europe Echecs"]
[Date "2020.07.12"]
[Round "2"]
[Time "14:30:21"]
[PlyCount "82"]
[White "GavilaQuentin"]
[Black "DesfontaineVin"]
[WhiteElo "1199"]
[BlackElo "1620"]
[Mode "WEB"]
[Result "1-0"]

1. e4 c5 2. d4 cxd4 3. c3 d3 4. Bxd3 Nc6 5. Nf3 d6 6. O-O e6 7. Bf4 Nf6 8. Qe2
a6 9. Rd1 e5 10. Bg5 Be6 11. Bc4 h6 12. Bh4 Bxc4 13. Qxc4 Be7 14. Nbd2 Rc8 15.
Qe2 O-O 16. Nc4 Ne8 17. Bg3 b5 18. Ncxe5 Nxe5 19. Nxe5 Qb6 20. Nf3 Rc4 21. e5
dxe5 22. Bxe5 Nf6 23. Bd4 Qc7 24. Ne5 Ra4 25. b3 Ra3 26. Re1 Bd6 27. Rad1 Re8
28. f4 Nd5 29. Qf3 Nxf4 30. Qxf4 f6 31. Qf3 fxe5 32. Qd5+ Kh8 33. b4 Re7 34. Bf2
Rd7 35. Qe4 Rxc3 36. Be3 Rc4 37. Qf3 e4 38. Qh5 Bxb4 39. Qe8+ Kh7 40. Rxd7 Qc6
41. Qf7 {DesfontaineVin a perdu au temps} 1-0